00333cam a22001211 4500082001700000100002600017245004300043250001100086260004100097300001900138650002700157700002700184 a658 .401 SMI1 aSmith, George Albert,10aPolicy formulation and administration; a3d ed. aHomewood, Ill.,bR. D. Irwin,c1959. a835 p.billus. 0aIndustrial management.1 aChristensen, C. Roland